Pays avec la meilleur liberté de presse - Statistiques

Statistiques générales
  • Ce quiz a été pris 81 fois
  • Le résultat moyen est 15 sur 20
Statistiques - réponses
Place Score global Pays % Correct
4 88,13 Suède
95%
5 87,18 Finlande
93%
9 83,98 Suisse
92%
1 92,31 Norvège
91%
6 86,93 Danemark
88%
3 88,64 Pays-Bas
84%
20 78,89 Royaume-Uni
81%
11 83,85 Allemagne
80%
17 81,36 Islande
80%
8 84,26 Portugal
80%
18 80,12 Belgique
77%
7 86,92 Irlande
73%
13 83,04 Luxembourg
73%
2 89,46 Estonie
69%
15 81,82 Lettonie
67%
14 82,27 Lituanie
67%
16 81,37 Nouvelle-Zélande
63%
12 83,42 Liechtenstein
55%
10 83,96 Tchéquie
52%
19 79,71 Trinité-et-Tobago
1%
Aucun quiz correspondant
Distribution des résultats
% des personnes avec chaque résultat
Percentile par nombre de réponses
Votre historique - résultats
Vous n’avez pas pris ce quiz